000 00490cam a2200217 4500
001 D13797
008 090401t1930 xxu||||| |||| 00| 0 eng d
035 _a(Sirsi) u11717
041 _aeng
100 _aRyde, Walter C
245 _aRyde`s law and practice of rating
250 _a6th
260 _aLondon
_bButterworths
_c1930
300 _a1132p
350 _a0
520 _aShelf 134
700 _aKonstam, E.M.
700 _aRowe, M.E.
942 _n0
948 _c04/03/1997
999 _c86899
_d86899